[Event "CZE-chTE U20 1112"]
[Site "Czech Republic"]
[Date "2011.10.15"]
[Round "2.5"]
[White "Pospisil, Petr"]
[Black "Tyn, Marek"]
[Result "0-1"]
[WhiteElo "1733"]
[BlackElo "1891"]
[PlyCount "110"]
[EventDate "2011.10.15"]
[EventType "team-tourn"]
[EventRounds "7"]
[EventCountry "CZE"]
[SourceTitle "EXT 2013"]
[Source "ChessBase"]
[SourceDate "2012.11.22"]
[SourceVersion "1"]
[SourceVersionDate "2012.11.22"]
[SourceQuality "1"]
[WhiteTeam "Policka"]
[BlackTeam "Havirov"]
[WhiteTeamCountry "CZE"]
[BlackTeamCountry "CZE"]

1. c4 e6 2. Nf3 d5 3. g3 Nf6 4. Bg2 Be7 5. cxd5 exd5 6. b3 0-0 7. 0-0 c6 8. Bb2 Be6 9. Qc2 Qc8 10. Ne5 Bh3 11. f4 Bxg2 12. Kxg2 Nbd7 13. Nxd7 Qxd7 14. Bxf6 Bxf6 15. Nc3 Rfe8 16. Rad1 Qg4 17. h3 Qh5 18. g4 Qh4 19. e3 Re6 20. Ne2 Rae8 21. Ng1 Bd8 22. Nf3 Qh6 23. h4 Bb6 24. h5 d4 25. Rh1 R6e7 26. g5 Qd6 27. Rh4 dxe3 28. f5 Qd5 29. dxe3 Rxe3 30. Rxd5 Re2+ 31. Qxe2 Rxe2+ 32. Kg3 cxd5 33. Ra4 Kf8 34. g6 hxg6 35. hxg6 fxg6 36. fxg6 Ke7 37. Nh4 Re4 38. Rxe4+ dxe4 39. Nf5+ Kf6 40. Nh4 e3 41. Kf3 Kg5 42. Ng2 Kxg6 43. Ke4 Kh5 44. b4 g5 45. a4 a6 46. Kf3 g4+ 47. Ke2 Kg5 48. Kd3 g3 49. Ke2 Kg4 50. Ne1 Kh3 51. Kf3 Bd4 52. b5 axb5 53. axb5 b6 54. Ke2 g2 55. Nf3 Kg3 0-1

[Event "Ricany op-B"]
[Site "Ricany"]
[Date "2008.08.25"]
[Round "4"]
[White "Pospisil, Petr"]
[Black "Hrdina, Robin"]
[Result "0-1"]
[WhiteElo "1717"]
[BlackElo "1624"]
[PlyCount "48"]
[EventDate "2008.08.23"]
[EventType "swiss"]
[EventRounds "9"]
[EventCountry "CZE"]
[SourceTitle "CBM 126 Extra"]
[Source "ChessBase"]
[SourceDate "2008.11.05"]
[SourceVersion "1"]
[SourceVersionDate "2008.11.05"]
[SourceQuality "1"]

1. c4 e5 2. Nc3 Bb4 3. Nd5 Bc5 4. a3 c6 5. Nc3 Nf6 6. g3 0-0 7. Bg2 d6 8. e3 Re8 9. b4 Bb6 10. Bb2 Bf5 11. d3 e4 12. d4 Bg4 13. Qc2 Bf5 14. c5 dxc5 15. dxc5 Bc7 16. Rd1 Nbd7 17. Nge2 Qc8 18. 0-0 Ne5 19. Nb1 Nf3+ 20. Kh1 Ng4 21. Nd4 Ngxh2 22. Nxf5 Qxf5 23. Bxf3 Qxf3+ 24. Kxh2 Re6 0-1

[Event "Ricany op-B"]
[Site "Ricany"]
[Date "2008.08.23"]
[Round "1"]
[White "Pospisil, Petr"]
[Black "Mala, Anna"]
[Result "1-0"]
[WhiteElo "1717"]
[BlackElo "1423"]
[PlyCount "67"]
[EventDate "2008.08.23"]
[EventType "swiss"]
[EventRounds "9"]
[EventCountry "CZE"]
[SourceTitle "CBM 126 Extra"]
[Source "ChessBase"]
[SourceDate "2008.11.05"]
[SourceVersion "1"]
[SourceVersionDate "2008.11.05"]
[SourceQuality "1"]

1. d4 g6 2. c4 d6 3. Nc3 Bg7 4. e4 e5 5. d5 Nd7 6. b4 b6 7. Be3 Ne7 8. Bd3 0-0 9. Nf3 f5 10. Bg5 Nf6 11. Qd2 f4 12. Bxf6 Rxf6 13. h3 a6 14. Qc2 Bd7 15. Rc1 a5 16. a3 axb4 17. axb4 Qe8 18. Nb5 Bxb5 19. cxb5 Rc8 20. Ng5 Bh6 21. h4 Bxg5 22. hxg5 Rf7 23. Ra1 Kg7 24. Ra7 Qd8 25. Be2 Ng8 26. Bg4 Ra8 27. Rxa8 Qxa8 28. 0-0 Qd8 29. Be6 Re7 30. Qc3 Qe8 31. Ra1 Qb8 32. Qc6 Qe8 33. Ra8 Qxc6 34. Rxg8# 1-0